[Event "Budapest FS12 GM"]
[Site "Budapest"]
[Date "2003.12.09"]
[Round "4"]
[White "Vajda, Albert"]
[Black "Carlsen, Magnus"]
[Result "1/2-1/2"]
[WhiteElo "2477"]
[BlackElo "2450"]
[PlyCount "80"]
[EventDate "2003.12.06"]
[EventType "tourn"]
[EventRounds "13"]
[EventCountry "HUN"]
[EventCategory "8"]
[SourceTitle "CBM 097 Extra"]
[Source "ChessBase"]
[SourceDate "2004.01.13"]
[SourceVersion "1"]
[SourceVersionDate "2004.01.13"]
[SourceQuality "1"]

1. e4 c5 2. Nf3 d6 3. Bb5+ Bd7 4. Bxd7+ Qxd7 5. O-O Nf6 6. Re1 Nc6 7. c4 g6 8. d4 cxd4 9. Nxd4 Bg7 10. Nc3 O-O 11. Nde2 ({RR} 11. h3 Rfc8 12. Nf3 Qd8 13. Bg5 h6 14. Be3 a6 15. Qd2 Kh7 16. Nd4 Qa5 17. Nc2 Ne5 18. b3 b5 19. Bd4 bxc4 20. b4 Qc7 21. Bxe5 dxe5 22. Ne3 e6 23. Qe2 Rd8 24. Rec1 Rd4 25. Nc2 Rd3 {Dubov,D (2708)-Mamedov,R (2646) chess.com INT 2022 0-1 (35)}) ({RR} 11. Nf3 Rac8 12. Qd3 Ng4 13. b3 b5 14. Bb2 bxc4 15. Qxc4 Nd4 16. Qd3 Nxf3+ 17. Qxf3 Ne5 18. Qe2 Rc6 19. Rac1 Rfc8 20. Nd5 e6 21. Rxc6 Rxc6 22. Nb4 Rc8 23. f4 a5 24. fxe5 axb4 25. Qd2 Qa7+ {Petersen,M (2259)-Gabrielian,A (2407) chess.com INT 2025 0-1 (68)}) 11... Qe6 12. Qb3 $146 ({RR} 12. Nd5 Qxe4 13. Nec3 Qxc4 14. Nxe7+ Nxe7 15. Rxe7 Qc6 16. Bf4 Rad8 17. Qb3 Rd7 18. Rxd7 Qxd7 19. Rd1 Rd8 20. Rxd6 Qe7 21. Rxd8+ Qxd8 22. Qxb7 Ne4 23. Nd5 Bxb2 24. Qxb2 Qxd5 25. g3 Qd1+ 26. Kg2 Qd8 {Thorsteinsdottir,H (1906)-Lindestrom,A (1322) Haraldsheim 2008 1-0 (49)}) ({RR} 12. Nd5 Qxe4 13. Nec3 Qxc4 14. Nxe7+ Nxe7 15. Rxe7 Rfe8 16. Rxb7 Nd5 17. Bd2 Nxc3 18. bxc3 Re2 19. Rab1 Rae8 20. Rb8 h5 21. Rxe8+ Rxe8 22. Qc2 Re2 23. Re1 Bh6 {0-1 (23) Neumann,J (2135)-Jaworski,M (2337) Karvina 2011}) 12... Na5 13. Qb4 b6 14. Nd5 Qxe4 15. Nef4 Qxc4 16. Nxe7+ Kh8 17. Qxc4 Nxc4 18. b3 Ng8 19. Rb1 Nxe7 20. Rxe7 Rfe8 21. Rxe8+ Rxe8 22. Kf1 Bc3 23. Ne2 Nd2+ 24. Bxd2 Bxd2 25. Rd1 Bb4 26. Rd4 a5 27. Rc4 Kg7 28. Rc6 d5 29. Rxb6 d4 30. a3 Bxa3 31. Nf4 Rc8 32. Ke2 Rc2+ 33. Kf3 Bb4 34. Nd3 Rc3 35. Ke4 Rxb3 36. Rb7 Kg8 37. Rb8+ Kg7 38. Rb7 Kg8 39. Rb8+ Kg7 40. Rb7 Kg8 1/2-1/2

[Event "Budapest FS12 GM"]
[Site "Budapest"]
[Date "2003.12.10"]
[Round "5"]
[White "Carlsen, Magnus"]
[Black "Vajda, Szidonia"]
[Result "1-0"]
[WhiteElo "2450"]
[BlackElo "2360"]
[PlyCount "108"]
[EventDate "2003.12.06"]
[EventType "tourn"]
[EventRounds "13"]
[EventCountry "HUN"]
[EventCategory "8"]
[SourceTitle "CBM 097 Extra"]
[Source "ChessBase"]
[SourceDate "2004.01.13"]
[SourceVersion "1"]
[SourceVersionDate "2004.01.13"]
[SourceQuality "1"]

1. e4 e5 2. Nf3 Nc6 3. d4 exd4 4. Nxd4 Qf6 5. Nxc6 Bc5 6. Qd2 dxc6 7. Nc3 Be6 8. Qf4 O-O-O 9. Bd3 Qe7 $146 ({RR} 9... Bd6 10. Qxf6 Nxf6 11. Bg5 Rhg8 12. O-O-O Be5 13. f4 Bxc3 14. bxc3 h6 15. Bxf6 gxf6 16. g3 b5 17. Kb2 Bg4 18. Rde1 Rge8 19. Rhf1 a6 20. a4 Re7 21. Ra1 Kb7 22. Ra3 Rb8 23. Rfa1 Re6 24. axb5 {Bik Mukhamedov,M (1911)-Zarodov,A (1957) Kimry 2009 0-1 (60)}) ({RR} 9... Bd4 10. Qxf6 Nxf6 11. Ne2 Bc5 12. f3 Nd7 13. Nf4 Ne5 14. Nxe6 fxe6 15. Ke2 h6 16. Be3 Bxe3 17. Kxe3 Rd6 18. Be2 Nd7 19. f4 e5 20. g3 Re8 21. Rad1 Nf6 22. f5 Rxd1 23. Rxd1 Rd8 24. g4 {Mosquera,M (2496)-Valderrama Quiceno,E (2542) Quibdo 2015 ½-½ (37)}) ({RR} 9... Bd4 10. Ne2 Qxf4 11. Nxf4 Bd7 12. O-O Nf6 13. Ne2 Bc5 14. Bg5 Rde8 15. Bxf6 gxf6 16. Ng3 h5 17. Rfe1 h4 18. Nf5 Bxf5 19. exf5 Re5 20. Kf1 Rhe8 21. Red1 Rd8 22. g4 h3 23. Bc4 Re7 24. Rxd8+ {Cordoba Perez,J (2022)-Guzman Lozano,C (1868) Medellin COL 2025 1-0 (50)}) ({RR} 9... Bd4 10. Qxf6 Nxf6 11. O-O c5 12. Re1 c4 13. Bf1 Ng4 14. Re2 Rd7 15. h3 Nf6 16. Nb5 Bb6 17. Be3 Bxe3 18. Rxe3 a6 19. Nc3 Rd2 20. Re2 Rxe2 21. Bxe2 Rd8 22. Rd1 Rxd1+ 23. Bxd1 b5 24. a3 {Cetina,K (2053)-Bezjak,G Ptuj 2002 1-0 (52)}) 10. Be3 Nf6 11. Qg5 Bxe3 12. Qxe3 Kb8 13. h3 Nd7 14. O-O-O f6 15. f4 Rhe8 16. Be2 Bf7 17. Bf3 Nb6 18. Rxd8+ Rxd8 19. Rd1 Nc4 20. Rxd8+ Qxd8 21. Qd3 Qe7 22. Qd4 Qd6 23. Ne2 a6 24. b3 Qa3+ 25. Kd1 Nd6 26. e5 fxe5 27. fxe5 Nf5 28. Qd8+ Ka7 29. Qxc7 Bd5 30. Bxd5 Ne3+ 31. Kd2 Nxd5 32. Qd6 Qa5+ 33. Kd3 Qe1 34. Qc5+ b6 35. Qg1 Nb4+ 36. Ke3 Nxc2+ 37. Kd3 Nb4+ 38. Ke3 Qh4 39. Qf1 Qg5+ 40. Ke4 Qg6+ 41. Qf5 Qxg2+ 42. Ke3 Qd5 43. Nf4 Qc5+ 44. Kf3 Kb8 45. Qg5 Qf8 46. Ke4 Nd5 47. Nxd5 cxd5+ 48. Kxd5 g6 49. Qf6 Qc5+ 50. Ke6 Qc6+ 51. Kf7 Qd7+ 52. Kg8 Qxh3 53. e6 Kc7 54. Qe5+ Kd8 1-0

[Event "Budapest FS12 GM"]
[Site "Budapest"]
[Date "2003.12.11"]
[Round "6"]
[White "Kayumov, Sergey"]
[Black "Carlsen, Magnus"]
[Result "1-0"]
[WhiteElo "2434"]
[BlackElo "2450"]
[PlyCount "119"]
[EventDate "2003.12.06"]
[EventType "tourn"]
[EventRounds "13"]
[EventCountry "HUN"]
[EventCategory "8"]
[SourceTitle "CBM 097 Extra"]
[Source "ChessBase"]
[SourceDate "2004.01.13"]
[SourceVersion "1"]
[SourceVersionDate "2004.01.13"]
[SourceQuality "1"]

1. e4 c5 2. Nf3 d6 3. d4 cxd4 4. Nxd4 Nf6 5. Nc3 a6 6. Be2 e5 7. Nb3 Be7 8. O-O O-O 9. Re1 Be6 10. Bf1 Nbd7 11. Nd5 Rc8 ({RR} 11... Nxd5 12. exd5 Bf5 13. a4 Rc8 14. c3 Re8 15. a5 e4 16. Bf4 Bf8 17. Qd4 g5 18. Bd2 Bg6 19. Qe3 h6 20. f4 exf3 21. Qxf3 Ne5 22. Qf2 Qd7 23. h3 Bg7 24. Be3 g4 25. h4 h5 26. Nd2 {Ye,J (2681)-Sakaev,K (2664) Moscow 2004 ½-½}) ({RR} 11... Bxd5 12. exd5 Re8 13. c4 Bf8 14. Be3 g6 15. Nd2 Nh5 16. b4 f5 17. Nb3 Bg7 18. Rc1 Rc8 19. c5 dxc5 20. Nxc5 Nxc5 21. Bxc5 Kh8 22. d6 Qd7 23. g3 Nf6 24. Bg2 e4 25. Qb3 Rc6 26. Red1 {Fishbein,A (2387)-Alvarado Diaz,A (2477) chess.com INT 2024 1-0 (36)}) ({RR} 11... Nxd5 12. exd5 Bf5 13. a4 Rc8 14. c3 e4 15. a5 Re8 16. Ra4 Bg5 17. f4 Bf6 18. g4 b5 19. axb6 Nxb6 20. Rxa6 Bd7 21. g5 Be7 22. Be3 Rb8 23. Na5 Qc7 24. Qd4 Bd8 25. Nc6 Bxc6 26. dxc6 {Kayumov,S (2422)-Ghaem Maghami,E (2549) Esfahan 2004 ½-½}) 12. c4 Nb6 13. Nd2 Nbxd5 $146 ({RR} 13... Nfd7 14. Nxe7+ Qxe7 15. b3 Nc5 16. Nb1 f5 17. exf5 Bxf5 18. Nc3 Rcd8 19. Be3 Nbd7 20. b4 Ne6 21. Nd5 Qf7 22. Qf3 Rde8 23. Rad1 Nb8 24. b5 Nd7 25. Nc3 e4 26. Qg3 Ne5 27. Rxd6 Nd3 28. Rd1 {Geller,E (2540)-Petrosian,A (2510) Riga 1985 1-0 (37)}) ({RR} 13... Nfxd5 14. exd5 Bd7 15. b3 f5 16. Nf3 Be8 17. Qd2 h6 18. Bb2 Nd7 19. Be2 a5 20. Rad1 Bf6 21. a3 Nc5 22. b4 Ne4 23. Qe3 b6 24. Qb3 Bd7 25. Bd3 Ng5 26. Nxg5 Bxg5 27. Bc3 e4 28. Bf1 {Smagin,S (2495)-Savon,V (2445) Pinsk 1986 1-0 (72)}) 14. exd5 Bg4 15. Qb3 b5 16. cxb5 axb5 17. Nb1 Qa5 18. Bd2 b4 19. Bxb4 Qxd5 20. Nd2 Qd4 21. Bc3 Qa7 22. Ne4 Be6 23. Nxf6+ Bxf6 24. Qd1 Qb8 25. Qh5 g6 26. Qe2 Bg7 27. a4 f6 28. a5 d5 29. a6 Qa7 30. Bb4 Rfd8 31. Rec1 d4 32. Ba5 Re8 33. b4 f5 34. b5 e4 35. Qd1 d3 36. Rxc8 Rxc8 37. Rc1 Rxc1 38. Qxc1 Bd4 39. Qc6 Bxf2+ 40. Kh1 Qd7 41. Qb7 Kf7 42. b6 Ke7 43. Qxd7+ Kxd7 44. b7 Ba7 45. Bb6 d2 46. Bb5+ Ke7 47. Bxa7 d1=Q+ 48. Bg1 e3 49. b8=Q e2 50. Bxe2 Qxe2 51. Qb7+ Kd6 52. a7 Bd5 53. Qxd5+ Kxd5 54. a8=Q+ Kd6 55. Qa3+ Ke6 56. Qe3+ Qxe3 57. Bxe3 Ke5 58. Bg5 f4 59. Kg1 Kf5 60. h4 1-0

[Event "Budapest FS12 GM"]
[Site "Budapest"]
[Date "2003.12.12"]
[Round "7"]
[White "Carlsen, Magnus"]
[Black "Porat, Shay"]
[Result "1/2-1/2"]
[WhiteElo "2450"]
[BlackElo "2360"]
[PlyCount "42"]
[EventDate "2003.12.06"]
[EventType "tourn"]
[EventRounds "13"]
[EventCountry "HUN"]
[EventCategory "8"]
[SourceTitle "CBM 097 Extra"]
[Source "ChessBase"]
[SourceDate "2004.01.13"]
[SourceVersion "1"]
[SourceVersionDate "2004.01.13"]
[SourceQuality "1"]

1. e4 e6 2. d4 d5 3. e5 c5 4. c3 Nc6 5. Nf3 Nge7 6. Na3 cxd4 7. cxd4 Nf5 8. Nc2 Bd7 9. Bd3 Qb6 10. O-O a5 ({RR} 10... Rc8 11. Be3 Be7 12. a3 a5 13. Rb1 O-O 14. Bd2 f6 15. Bxf5 exf5 16. Bc3 f4 17. exf6 Bxf6 18. Ne5 Bf5 19. Rc1 Kh8 20. Re1 Bxe5 21. dxe5 Bxc2 22. Rxc2 d4 23. Bd2 f3 24. e6 fxg2 25. Qg4 {Nguyen Ngoc Truong Son (2632)-Xiong,J (2636) chess.com INT 2025 1-0 (33)}) 11. Rb1 $146 ({RR} 11. a3 a4 12. Bxf5 exf5 13. Re1 h6 14. Bd2 Be6 15. Bc3 Be7 16. Re2 Qb5 17. Nfe1 f4 18. Qd3 Qxd3 19. Nxd3 g5 20. f3 Na5 21. Bxa5 Rxa5 22. Ncb4 Kd7 23. Rc1 Rc8 24. Rxc8 Kxc8 25. Rc2+ Kd7 {Obregon Rivero,J (2529)-Sanchez Enriquez,O (2324) Mexico City 2021 1-0 (44)}) ({RR} 11. Kh1 Rc8 12. Rb1 Qa7 13. Be2 Qb6 14. h4 h5 15. Bd3 a4 16. Bxf5 exf5 17. Bg5 Qa6 18. Ne3 Be6 19. Rc1 a3 20. bxa3 Bxa3 21. Rb1 O-O 22. Qb3 Rc7 23. Qb5 Qxb5 24. Rxb5 Nb4 25. Rb1 Nxa2 {Mehmed,E (2248)-Krishna,C (2453) Sofia BUL 2025 ½-½ (46)}) ({RR} 11. Be3 Be7 12. g4 Nxe3 13. fxe3 f6 14. exf6 gxf6 15. g5 O-O-O 16. gxf6 Bxf6 17. b4 a4 18. b5 Ne7 19. Qd2 Ng6 20. Nb4 Kb8 21. Nc6+ Bxc6 22. bxc6 Qxc6 23. Rab1 Qd6 24. Qa5 Rd7 25. Rb6 Qa3 {Dargali,H (1885)-Torun,S (1719) Denizli TUR 2024 ½-½ (43)}) 11... Nb4 12. Nxb4 axb4 13. Kh1 Bb5 14. a3 h5 15. Be3 Bxd3 16. Qxd3 Be7 17. Rfc1 O-O 18. axb4 Qxb4 19. Bd2 Qb6 20. g3 Rfc8 21. Rc3 Qa6 1/2-1/2

[Event "Budapest FS12 GM"]
[Site "Budapest"]
[Date "2003.12.14"]
[Round "9"]
[White "Carlsen, Magnus"]
[Black "Taylor, Timothy"]
[Result "1-0"]
[WhiteElo "2450"]
[BlackElo "2385"]
[PlyCount "77"]
[EventDate "2003.12.06"]
[EventType "tourn"]
[EventRounds "13"]
[EventCountry "HUN"]
[EventCategory "8"]
[SourceTitle "CBM 097 Extra"]
[Source "ChessBase"]
[SourceDate "2004.01.13"]
[SourceVersion "1"]
[SourceVersionDate "2004.01.13"]
[SourceQuality "1"]

1. e4 c5 2. Nf3 d6 3. d4 cxd4 4. Nxd4 Nf6 5. Nc3 g6 6. Be3 Bg7 7. f3 O-O 8. Qd2 Nc6 9. O-O-O Bd7 10. g4 Qa5 11. Kb1 Rfc8 12. h4 Ne5 13. Be2 Nc4 14. Bxc4 Rxc4 15. h5 Rac8 16. Nb3 Qd8 17. hxg6 $146 ({RR} 17. Bd4 b5 18. Rc1 a5 19. Nd5 a4 20. Nxf6+ exf6 21. Na1 Be6 22. c3 d5 23. exd5 Qxd5 24. Qe3 Rxd4 25. Qxd4 Qxa2+ 26. Kc2 f5 27. Qb4 fxg4 28. fxg4 Bxc3 29. Qxc3 Rxc3+ 30. Kxc3 Qc4+ 31. Kd2 Qd4+ {Maciulaityte,B (1508)-Baliuniene,M (1924) Vilnius 2021 0-1 (32)}) ({RR} 17. Bd4 b5 18. Rc1 a5 19. Nd5 a4 20. Nxf6+ exf6 21. Na1 Be6 22. c3 d5 23. exd5 Qxd5 24. Qe3 Rxd4 25. Qxd4 Qxa2+ 26. Kc2 f5 27. Qb4 fxg4 28. fxg4 Bxc3 29. Qxc3 Rxc3+ 30. Kxc3 Qc4+ 31. Kd2 Qd4+ {Maciulaityte,B (1508)-Baliuniene,M (1924) Vilnius 2021 0-1 (32)}) 17... hxg6 18. e5 Nxg4 19. fxg4 Bxg4 20. Qh2 Bxe5 21. Qh7+ Kf8 22. Bd4 Rxd4 23. Rxd4 Bf5 24. Rd5 e6 25. Rxe5 dxe5 26. Qh8+ Ke7 27. Qxe5 Qd6 28. Qe3 Kf6 29. Nd2 Qe5 30. Nde4+ Bxe4 31. Nxe4+ Ke7 32. Qa3+ Kd7 33. Rd1+ Kc6 34. Qa4+ Kb6 35. Qb4+ Ka6 36. Rd3 b6 37. Nd6 Rc5 38. Ra3+ Ra5 39. Qc4+ 1-0

[Event "Budapest FS12 GM"]
[Site "Budapest"]
[Date "2003.12.15"]
[Round "10"]
[White "Carlsen, Magnus"]
[Black "Grigore, George Gabriel"]
[Result "1/2-1/2"]
[WhiteElo "2450"]
[BlackElo "2485"]
[PlyCount "61"]
[EventDate "2003.12.06"]
[EventType "tourn"]
[EventRounds "13"]
[EventCountry "HUN"]
[EventCategory "8"]
[SourceTitle "CBM 097 Extra"]
[Source "ChessBase"]
[SourceDate "2004.01.13"]
[SourceVersion "1"]
[SourceVersionDate "2004.01.13"]
[SourceQuality "1"]

1. e4 c5 2. Nf3 Nc6 3. d4 cxd4 4. Nxd4 e5 5. Nb5 d6 6. N1c3 a6 7. Na3 Be6 8. Nc4 b5 9. Ne3 Nf6 10. g3 b4 11. Ncd5 Nxe4 12. Bg2 f5 13. O-O Be7 14. Nxf5 Bxf5 15. Ne3 Bg6 16. Qd5 Rc8 17. Bxe4 Bf7 18. Qd3 Nd4 19. Nd5 Rc5 $146 ({RR} 19... Bxd5 20. Bxd5 Qa5 21. Be4 Nxc2 22. Rb1 Qxa2 23. Bd2 Qc4 24. Rbc1 Qxd3 25. Bxd3 b3 26. Bxa6 Rc5 27. Bc3 O-O 28. Bd3 Bf6 29. Bxc2 bxc2 30. Rxc2 d5 31. Re2 Re8 32. Rfe1 e4 33. Bxf6 gxf6 34. Rd2 {Munoz Pantoja,M (2474)-Grigore,G (2479) Badalona 2005 ½-½ (57)}) 20. c3 bxc3 21. bxc3 Bxd5 22. cxd4 exd4 23. Bxd5 Rxd5 24. Re1 Re5 25. Bb2 Qa5 26. Rac1 O-O 27. Qxd4 Qd5 28. Rcd1 Qxd4 29. Bxd4 Rxe1+ 30. Rxe1 Bf6 31. Bxf6 1/2-1/2

[Event "Budapest FS12 GM"]
[Site "Budapest"]
[Date "2003.12.16"]
[Round "11"]
[White "Vajda, Levente"]
[Black "Carlsen, Magnus"]
[Result "1/2-1/2"]
[WhiteElo "2537"]
[BlackElo "2450"]
[PlyCount "68"]
[EventDate "2003.12.06"]
[EventType "tourn"]
[EventRounds "13"]
[EventCountry "HUN"]
[EventCategory "8"]
[SourceTitle "CBM 097 Extra"]
[Source "ChessBase"]
[SourceDate "2004.01.13"]
[SourceVersion "1"]
[SourceVersionDate "2004.01.13"]
[SourceQuality "1"]

1. e4 c5 2. c3 d5 3. exd5 Qxd5 4. d4 g6 5. dxc5 Qxc5 6. Be3 Qc7 7. Na3 Nc6 8. Nf3 ({RR} 8. Nb5 Qb8 9. Nf3 Nf6 10. Nbd4 Bg7 11. Bb5 Bd7 12. Ba4 O-O 13. O-O e5 14. Nxc6 Bxc6 15. Bxc6 bxc6 16. Qe2 e4 17. Nd4 Qc7 18. Rad1 Rfe8 19. Bg5 Nd5 20. Qc4 Rac8 21. Rfe1 h6 22. Bc1 Re5 {Simacek,P (2485)-Gajewski,G (2634) Poland 2017 0-1 (60)}) ({RR} 8. Nb5 Qb8 9. Nf3 Nf6 10. Nbd4 Bg7 11. Bc4 O-O 12. O-O Na5 13. Be2 Ng4 14. Bd2 e5 15. h3 Nf6 16. Nb3 Nc6 17. Qc1 Qd6 18. Bh6 b6 19. Bxg7 Kxg7 20. Rd1 Qe7 21. Qe3 Bb7 22. Bb5 e4 {Silva,A (1933)-Movsesian,J (2276) Rhodes GRE 2024 1-0 (59)}) ({RR} 8. Nb5 Qb8 9. a4 Bg7 10. Qd2 Nf6 11. Bf4 Ne5 12. Nf3 Nh5 13. Bxe5 Bxe5 14. Nxe5 Qxe5+ 15. Qe2 Qb8 16. Qc4 Qe5+ 17. Qe2 Qb8 18. Qc4 Qe5+ 19. Be2 O-O 20. Qd4 Qxd4 21. Nxd4 e5 22. Nb5 Nf4 {Vajda,L (2454)-Nevednichy,V (2563) Bucharest 2001 ½-½ (55)}) 8... Nf6 9. Qa4 $146 ({RR} 9. Nb5 Qb8 10. Be2 Bg7 11. O-O O-O 12. h3 Rd8 13. Qa4 a6 14. Na3 Nd5 15. Bg5 h6 16. Bh4 b5 17. Qc2 Bf5 18. Qc1 Qb7 19. Nc2 Rac8 20. Rd1 b4 21. c4 Nb6 22. Rxd8+ Rxd8 23. Ne3 Be4 {Dimitrijevic,D (2069)-Natalicchio Escalante,N (2238) Gibraltar 2009 0-1 (37)}) ({RR} 9. h3 Bg7 10. Be2 O-O 11. O-O Rd8 12. Qa4 Nd5 13. Bd2 e5 14. Rad1 Qe7 15. Bg5 f6 16. Bc1 Be6 17. Qh4 Nb6 18. b3 Nd5 19. Nb1 Rac8 20. c4 Ndb4 21. Nc3 Bf5 22. Nd5 Qf7 23. g4 Be4 {Sivanandan,B (2373)-Vishnu,P (2340) Chennai 2008 0-1 (39)}) 9... Bg7 10. Nb5 Qd8 11. Nxa7 Bd7 12. Nxc6 Bxc6 13. Qd4 Qa5 14. Be2 O-O 15. O-O Nd5 16. Qd2 Rfd8 17. Bd4 Qc7 18. Bxg7 Kxg7 19. Rfe1 e5 20. Bf1 f6 21. Qc2 Nf4 22. Nd2 Qd7 23. Ne4 f5 24. Rad1 Qe7 25. Ng3 h5 26. Rxd8 Rxd8 27. Qc1 Qg5 28. Qe3 h4 29. b4 e4 30. b5 Bd5 31. c4 Bf7 32. Ne2 Nxe2+ 33. Bxe2 Qxe3 34. fxe3 Rd2 1/2-1/2

[Event "Budapest FS12 GM"]
[Site "Budapest"]
[Date "2003.12.18"]
[Round "13"]
[White "Antal, Gergely"]
[Black "Carlsen, Magnus"]
[Result "0-1"]
[WhiteElo "2473"]
[BlackElo "2450"]
[PlyCount "90"]
[EventDate "2003.12.06"]
[EventType "tourn"]
[EventRounds "13"]
[EventCountry "HUN"]
[EventCategory "8"]
[SourceTitle "CBM 097 Extra"]
[Source "ChessBase"]
[SourceDate "2004.01.13"]
[SourceVersion "1"]
[SourceVersionDate "2004.01.13"]
[SourceQuality "1"]

1. e4 c5 2. Nf3 Nc6 3. d4 cxd4 4. Nxd4 Nf6 5. Nc3 e5 6. Ndb5 d6 7. Bg5 a6 8. Na3 b5 9. Bxf6 gxf6 10. Nd5 Bg7 11. Bd3 Ne7 12. Nxe7 Qxe7 13. O-O O-O 14. c4 f5 15. Qf3 Re8 16. Rfe1 b4 17. Nc2 f4 18. Nxb4 Rb8 19. Nc6 Qg5 20. Nxb8 Bg4 21. Qxg4 Qxg4 22. Nxa6 f3 23. g3 Bh6 24. Nc7 Rb8 25. Nd5 Bg5 26. b4 h5 27. a4 $146 ({RR} 27. Bf1 h4 28. h3 Qd7 29. g4 Qa4 30. b5 Bd2 31. Red1 Ba5 32. Ne7+ Kf8 33. Nc6 Ra8 34. Nxa5 Rxa5 35. Rxd6 Qa3 36. Rdd1 Ra8 37. b6 Qc5 38. Rab1 Rb8 39. Rb5 Qd4 40. Rdb1 Qxe4 41. c5 f5 {Montanes Arribas,A (2147)-Ramirez Garcia,J (2255) Madrid 2011 1-0 (49)}) 27... h4 28. Ra3 Kg7 29. Ne3 Bxe3 30. Rxe3 hxg3 31. fxg3 f5 32. Bf1 fxe4 33. b5 f2+ 34. Kxf2 Qd1 35. Kg2 Rf8 36. Be2 Qe1 37. Rxe4 Rf2+ 38. Kh3 Qh1 39. Rg4+ Kf6 40. Rf3+ Rxf3 41. Bxf3 Qxf3 42. Kh4 Qf5 43. Kh3 e4 44. b6 e3 45. b7 Qh7+ 0-1

[Event "Corus-C"]
[Site "Wijk aan Zee"]
[Date "2004.01.10"]
[Round "1"]
[White "Carlsen, Magnus"]
[Black "Lagno, Kateryna"]
[Result "1/2-1/2"]
[WhiteElo "2484"]
[BlackElo "2493"]
[PlyCount "150"]
[EventDate "2004.01.10"]
[EventType "tourn"]
[EventRounds "13"]
[EventCountry "NED"]
[EventCategory "9"]
[SourceTitle "CBM 099"]
[Source "ChessBase"]
[SourceDate "2004.03.30"]
[SourceVersion "1"]
[SourceVersionDate "2004.03.30"]
[SourceQuality "1"]

1. e4 d6 2. d4 Nf6 3. Nc3 g6 4. f4 Bg7 5. Nf3 O-O 6. Be3 b6 7. Qe2 Ba6 8. Qd2 Bb7 9. e5 Ng4 10. O-O-O dxe5 11. Nxe5 Nxe5 12. dxe5 Qxd2+ 13. Rxd2 Nc6 $146 ({RR} 13... Rc8 14. Nd5 Nc6 15. Bb5 Kf8 16. Rhd1 a6 17. Be2 e6 18. Nf6 Bxf6 19. exf6 Nb4 20. a3 Nd5 21. Bf3 Rab8 22. Bd4 b5 23. b3 Ke8 24. Be5 Ne3 25. Re1 Bxf3 26. Rxe3 Bb7 27. Rc3 h5 28. Rxc7 {Estremera Panos,S (2341)-Di Caro,C (2322) Cesenatico 2004 ½-½ (48)}) ({RR} 13... g5 14. Nd5 Bxd5 15. Rxd5 e6 16. Rd3 gxf4 17. Bxf4 Nc6 18. Rg3 Kh8 19. Rc3 Ne7 20. Bg5 Nd5 21. Rh3 Bxe5 22. Bd3 f5 23. Rf1 Rg8 24. Bd2 Rxg2 25. c4 Nf6 26. Re1 Bxb2+ 27. Kxb2 Rxd2+ 28. Kc3 {Sop,S (2028)-Tan,Z (2471) Astana 2013 0-1 (60)}) 14. Be2 Bh6 15. Nd5 Rac8 16. Bf3 Ba8 17. Rhd1 Kh8 18. Kb1 e6 19. Nc3 Kg8 20. Re1 Rfd8 21. Rxd8+ Rxd8 22. Rd1 Rxd1+ 23. Nxd1 Bb7 24. Nc3 a6 25. b4 Nd8 26. Bxb7 Nxb7 27. Ne4 Bg7 28. c4 Kf8 29. Kc2 Ke7 30. g4 h6 31. Kd3 Kd7 32. h4 Nd8 33. b5 axb5 34. cxb5 Nb7 35. h5 gxh5 36. gxh5 Ke7 37. Bf2 f5 38. exf6+ Bxf6 39. a4 Kf7 40. Be3 Bg7 41. Bf2 Bf6 42. Be1 Bg7 43. Bb4 Bb2 44. Ke3 Bg7 45. Kf3 Bd4 46. Kg4 Bg7 47. Bd2 Ke7 48. Be1 Kf7 49. Bd2 Ke7 50. f5 Nd8 51. f6+ Bxf6 52. Nxf6 Kxf6 53. Bxh6 Nf7 54. Bf4 e5 55. Be3 Nd6 56. Bg5+ Ke6 57. Bd8 Kd7 58. Bf6 Ke6 59. Bh8 Nf5 60. Kg5 e4 61. Kf4 e3 62. Kf3 Kd5 63. Bf6 e2 64. Kxe2 Ng3+ 65. Kd3 Nxh5 66. Bd8 Nf4+ 67. Kc3 Ne6 68. Bxc7 Nxc7 69. Kb4 Kd4 70. a5 Nd5+ 71. Kb3 bxa5 72. Ka4 Kc5 73. Kxa5 Nb6 74. Ka6 Nd7 75. b6 Nxb6 1/2-1/2

[Event "Corus-C"]
[Site "Wijk aan Zee"]
[Date "2004.01.11"]
[Round "2"]
[White "Carlsen, Magnus"]
[Black "Peng, Zhaoqin"]
[Result "1-0"]
[WhiteElo "2484"]
[BlackElo "2419"]
[PlyCount "87"]
[EventDate "2004.01.10"]
[EventType "tourn"]
[EventRounds "13"]
[EventCountry "NED"]
[EventCategory "9"]
[SourceTitle "CBM 099"]
[Source "ChessBase"]
[SourceDate "2004.03.30"]
[SourceVersion "1"]
[SourceVersionDate "2004.03.30"]
[SourceQuality "1"]

1. e4 e6 2. d4 d5 3. e5 c5 4. c3 Qb6 5. Nf3 Bd7 6. a3 c4 7. g3 Nc6 8. h4 h6 9. Bh3 Nge7 10. Nbd2 Na5 11. O-O Qc7 $146 ({RR} 11... O-O-O 12. Re1 Nec6 13. Nh2 Re8 14. Qf3 Nd8 15. Ng4 Kb8 16. Ne3 Ba4 17. Bg4 Be7 18. Bh5 g6 19. Bg4 h5 20. Bh3 g5 21. hxg5 Reg8 22. Kg2 Bxg5 23. Ndf1 Nb3 24. Rb1 Rh6 25. Nxd5 exd5 26. Qf5 {Chlost,M (2131)-Owczarzak,J (2343) Polanica Zdroj 2008 0-1 (37)}) ({RR} 11... O-O-O 12. Nh2 g5 13. h5 Nf5 14. Ng4 Be7 15. Ne3 Nxe3 16. fxe3 Rhf8 17. e4 f5 18. exf6 Bxf6 19. exd5 exd5 20. Bxd7+ Rxd7 21. Rb1 Rdf7 22. Kg2 Qe6 23. Re1 Qf5 24. Rf1 Qh7 25. Qg4+ Kb8 26. Rf5 {Diaz Gonzalez,A (1247)-Ortiz Monsalve,S (1636) Medellin 2022 0-1 (33)}) 12. h5 O-O-O 13. Nh4 g5 14. Ng2 Bg7 15. f4 f5 16. g4 Rhg8 17. Nf3 Nb3 18. Rb1 Nxc1 19. Qxc1 Rdf8 20. fxg5 hxg5 21. Qxg5 Qd8 22. Qh4 fxg4 23. Bxg4 Nf5 24. Qxd8+ Kxd8 25. Nfh4 Nxh4 26. Nxh4 Rxf1+ 27. Rxf1 Bxe5 28. Ng6 Bg7 29. Rf7 Bh6 30. Kh2 Bc1 31. Ne5 Bc8 32. Rf2 Ke7 33. Kh3 Ke8 34. Ng6 Bd7 35. Rc2 Bg5 36. Re2 Bc1 37. Bxe6 Bxe6+ 38. Rxe6+ Kd7 39. Re2 Re8 40. Ne5+ Kc7 41. Rc2 Be3 42. Rg2 Re6 43. Rg7+ Kc8 44. Rg6 1-0

[Event "Corus-C"]
[Site "Wijk aan Zee"]
[Date "2004.01.13"]
[Round "3"]
[White "Pavlovic, Milos"]
[Black "Carlsen, Magnus"]
[Result "0-1"]
[WhiteElo "2548"]
[BlackElo "2484"]
[PlyCount "66"]
[EventDate "2004.01.10"]
[EventType "tourn"]
[EventRounds "13"]
[EventCountry "NED"]
[EventCategory "9"]
[SourceTitle "CBM 099"]
[Source "ChessBase"]
[SourceDate "2004.03.30"]
[SourceVersion "1"]
[SourceVersionDate "2004.03.30"]
[SourceQuality "1"]

1. e4 c5 2. Nf3 Nc6 3. Bb5 g6 4. O-O Bg7 5. Re1 Nf6 6. Nc3 O-O 7. e5 Ng4 8. Bxc6 dxc6 9. h3 Nh6 10. Ne4 b6 11. d3 ({RR} 11. Ng3 Nf5 12. Nxf5 Bxf5 13. b3 Qc7 14. d3 Rad8 15. Bf4 h6 16. Qc1 g5 17. Bg3 Qc8 18. a4 Bg6 19. Nd2 f5 20. f4 gxf4 21. Bxf4 Kh7 22. Qd1 Rg8 23. Qf3 Bf7 24. Qf2 Bf8 25. Re3 Bd5 {Fawzy,A (2522)-Aakash Sharadchandra,D (2180) Bhubaneswar IND 2024 1-0 (36)}) 11... f6 12. Bxh6 $146 ({RR} 12. a4 a5 13. Bd2 Nf5 14. Be3 Nd4 15. Bxd4 cxd4 16. exf6 exf6 17. Qd2 Ra7 18. Re2 Re7 19. Rae1 Rfe8 20. Ng3 c5 21. Rxe7 Rxe7 22. Rxe7 Qxe7 23. Qf4 h6 24. Qb8 Qb7 25. Qd6 Bxh3 26. Ne4 Bf5 {Pcola,J (2073)-Lasanda,M (2085) Slovakia 2019 1-0 (44)}) ({RR} 12. Bf4 Ba6 13. Qd2 Nf5 14. Qc3 Qd5 15. exf6 exf6 16. g4 Nd4 17. Nxd4 cxd4 18. Qa3 Bc8 19. Qd6 f5 20. Ng5 fxg4 21. Qxd5+ cxd5 22. Bd6 Rd8 23. Bc7 Rf8 24. hxg4 Bxg4 25. Ne6 Bxe6 26. Rxe6 Rfe8 {Przybyla,K (2072)-Pekacki,S (2124) Warsaw 2006 0-1 (46)}) 12... Bxh6 13. Qe2 f5 14. Neg5 Bxg5 15. Nxg5 h6 16. Nf3 Be6 17. Rad1 Kh7 18. c4 b5 19. cxb5 cxb5 20. d4 c4 21. d5 Bxd5 22. e6 Qd6 23. Qd2 Rad8 24. Qa5 Qb6 25. Qb4 Rfe8 26. Ne5 a5 27. Qa3 b4 28. Qg3 Qxe6 29. Nxc4 Bxc4 30. Rxe6 Rxd1+ 31. Kh2 Bxe6 32. Qc7 Rd5 33. Qc6 Bf7 0-1